000 01204cam a22003375i 4500
001 15667862
003 EG-ScBUE
005 20250629101452.0
008 090320t2009 flua f b 001 0 eng d
020 _a9781420063097
020 _a142006309X
040 _aEG-ScBUE
_beng
_erda
_cEG-ScBUE
_dEG-ScBUE
082 0 4 _a537.01515
_222
_bSAD
100 1 _aSadiku, Matthew N. O.,
_eauthor.
_934246
245 1 0 _aNumerical techniques in electromagnetics with MATLABĀ® /
_cMatthew N. O. Sadiku, Prairie View A&M University, Texas, U.S.A.
250 _aThird edition.
264 1 _aBoca Raton :
_bCRC Press / Taylor & Francis Group,
_c[2009]
264 4 _cc2009
300 _axvii, 710 pages :
_billustrations ;
_c25 cm
336 _2rdacontent
_atext
_btxt
337 _2rdamedia
_aunmediated
_bn
338 _2rdacarrier
_avolume
_bnc
500 _aRev. ed. of: Numerical techniques in electromagnetics. 2nd. ed. 2000.
504 _aIncludes bibliographical references and index.
630 0 7 _aMATLAB.
_9826
_2BUEsh
650 7 _aElectromagnetism.
_2BUEsh
_91928
650 7 _aNumerical analysis.
_2BUEsh
_9465
653 _bENGGEN
_cJuly2015
_cJanuary2016
655 _vReading book
942 _2ddc
_cBB
999 _c20308
_d20280